|
|
|
|
| LEADER |
00000nab a2200000 a 4500 |
| 001 |
vtls010201659 |
| 003 |
SK-MaSNL |
| 005 |
20260304224042.0 |
| 008 |
250708c2010 xo |||||||| ||00 b|slo |
| 015 |
|
|
|a SNBRB2011/01
|2 snkbucl
|
| 035 |
|
|
|a (uuid)d813a841-0cc6-4661-9d57-dd26aabed44b
|
| 035 |
|
|
|a urn:nbn:sk:snk-abev0a
|
| 035 |
|
|
|a (urnnbn)urn:nbn:sk:snk:ar-000j8n
|
| 038 |
|
|
|a SNKBUCL
|
| 040 |
|
|
|a SNKBUCL
|b slo
|c SNKBUCL
|e AACR2
|
| 041 |
0 |
|
|a slo
|
| 044 |
|
|
|a xo
|c SK
|
| 080 |
|
|
|a 904:06.068
|x (437.6)
|2 2001
|
| 080 |
|
|
|a 719:06.068
|x (437.6)
|2 2001
|
| 080 |
|
|
|a 7.025.3/.4:06.068
|x (437.6)
|2 2001
|
| 080 |
|
|
|a 06.068
|2 2001
|
| 080 |
|
|
|a 070:904+069
|x (437.6)
|2 2001
|
| 100 |
1 |
|
|a Jordová-Millerová, Dagmar
|4 aut
|9 100243
|
| 245 |
1 |
0 |
|a Dni európskeho kultúrneho dedičstva
|c Dagmar Jordová-Millerová
|
| 611 |
2 |
7 |
|a Dni európskeho kultúrneho dedičstva
|d (2010 :
|c Kremnica, Slovensko)
|2 snkbucl
|9 1558785
|
| 630 |
0 |
7 |
|a Pamiatky a múzeá (časopis)
|x výročné ceny
|y za r. 2009
|2 snkbucl
|9 1104844
|
| 648 |
|
7 |
|a 2010
|2 snkbucl
|9 324355
|
| 648 |
|
7 |
|a 9.9.2010
|2 snkbucl
|9 654562
|
| 650 |
0 |
7 |
|a kultúrne dedičstvo
|2 SNKPH
|9 4195
|
| 650 |
0 |
7 |
|a ochrana kultúrneho dedičstva
|2 snkbucl
|9 4196
|
| 650 |
0 |
7 |
|a ceny a vyznamenania
|2 SNKPH
|9 73045
|
| 651 |
|
7 |
|a Kremnica (Slovensko)
|2 SNKPHgeo
|9 26188
|
| 773 |
0 |
|
|t Slovenské pohľady
|g Roč. IV.+126., č. 11 (2010), s. 156-158
|x 1335-7786
|
| 850 |
|
|
|a Slovenská národná knižnica
|
| 852 |
|
|
|a Slovenská národná knižnica
|
| 958 |
|
|
|a article27
|
| 958 |
|
|
|a OND
|
| 958 |
|
|
|a EUIPO
|
| 999 |
|
|
|c 3170747
|d 3172677
|